Battleship - Statistics

General Stats
  • This quiz has been taken 1,091 times
  • The average score is 69 of 101
Answer Stats
Answer % Correct
Miss
96%
Miss
89%
G
89%
Miss
88%
I
88%
N
88%
T
88%
U
88%
Miss
87%
B
86%
A
85%
B
85%
Miss
85%
D
85%
Miss
84%
A
82%
D
82%
Miss
79%
N
79%
R
78%
U
78%
A
77%
Miss
75%
Miss
74%
Miss
72%
Miss
71%
Miss
70%
Miss
69%
Miss
68%
Miss
67%
Miss
66%
Miss
65%
Miss
64%
Miss
63%
Miss
62%
Miss
61%
Miss
60%
Miss
59%
Miss
57%
Miss
56%
Miss
54%
Mystery Country Antigua and Barbuda
28%
No matching quizzes found
Score Distribution
Percent of People with Each Score
Percentile by Number Answered
Your Score History
You have not taken this quiz